000 00913pab a2200193 454500
008 180718b1995 xxu||||| |||| 00| 0 eng d
100 _aReid, Sir William
245 _aPublic accountability and open government in United Kingdom
260 _c1995
300 _ap.577-583.
362 _aJul-Sep
520 _a"Tracing briefly the logic of Ombudsman and availability of different institutions overseeing accountability in UK, the author (who is presently Ombudsman) discusses the role, jurisdiction and power of Ombudsman in UK and shares his experience on improving accountability of civil service. He then takes up for discussion various measures prevailing in UK to ensure openness in government"
650 _aPublic administration - Great Britain
650 _aOmbudsman - Great Britain
650 _aOmbudsman
773 _aIndian Journal of Public Administration
908 _aN
909 _a29980
999 _c29980
_d29980